000 00690nam a2200217 4500
001 143434
003 ES-MaACL
005 20230906200818.0
007 t|
008 070214s1958 sp r ||||1| spa d
100 1 _aSenet, André.
_9105463
245 1 3 _aEl hombre descubre su cuerpo
_b: novela de la fisiología /
_cAndré Senet ; versión de Luis Horno Liria.
250 _a1ª. ed.
260 _aBarcelona :
_bLuis de Caralt,
_c1958.
300 _a276 p., 24 lám. :
_bil. ;
_c22 cm.
490 1 _aCol. cultura histórica
700 1 _aHorno Liria, Luis.
_964232
830 0 _aCol. cultura histórica
_9220563
852 _aES-MaACL
_jC-14358
_bR.42203
999 _c143434
_d143434